Statistiche per 50 Verbi più comuni in italiano

Clicka qui per fare il quiz!

Statistiche generali

  • Questo quiz è stato fatto 366 volte
  • Il punteggio medio è 19 su 50

Statistiche sulle risposte

#Verbo% Corretto
1essere
90%
2avere
89%
16mangiare
84%
4fare
79%
3andare
76%
22bere
71%
11dire
69%
29dormire
66%
17parlare
63%
12vedere
59%
9dare
52%
38giocare
52%
21leggere
52%
30scrivere
52%
32sentire
50%
5potere
45%
43guardare
42%
37lavorare
42%
14prendere
41%
27amare
40%
6volere
40%
7venire
39%
8dovere
38%
10stare
38%
34studiare
38%
45pensare
33%
13sapere
33%
15uscire
33%
28vivere
28%
47tornare
27%
39aprire
26%
24mettere
26%
35trovare
26%
44salire
24%
33chiedere
22%
42tenere
22%
40chiamare
20%
19finire
19%
46cercare
18%
20capire
17%
26partire
17%
18piacere
16%
48cominciare
13%
23arrivare
12%
31conoscere
12%
25rimanere
9%
49abitare
8%
36preferire
5%
50riuscire
5%
41compare
1%

Distribuzione punteggi

Percentile per numero di risposta

Percentuale di utenti per punteggio

I tuoi punteggi nel tempo

Non hai fatto questo quiz